Câu hỏi và bài tập triết học Chủ nghĩa duy vật biện chứng

Sparad:
Bibliografiska uppgifter
Materialtyp: Bok
Taggar: Lägg till en tagg
Inga taggar, Lägg till första taggen!
Thư viện lưu trữ: Mạng thư viện Đại học Đà Nẵng
LEADER 00673nam a2200205 4500
001 000006123
003 2277
005 20150812140818.0
008 110831s sd
245 0 0 |a Câu hỏi và bài tập triết học  |b Chủ nghĩa duy vật biện chứng 
774 |b Xuất bản lần thứ 2  |d Sách giáo khoa Mác Lê Nin  |d H.  |d 1985  |g Tập 1  |h 201 tr  |w 2278 
774 |d H.  |d Sách giáo khoa Mác Lê Nin  |d 1986  |g Tập 2  |h 238 tr  |w 2279 
OWN |a LSP 
999 |a From the UDN01 
TYP |a Monograph 
TYP |a Printed language 
980 |a Mạng thư viện Đại học Đà Nẵng